[Event "Madrid San Viator op 23rd"]
[Site "Madrid"]
[Date "2014.11.02"]
[Round "6"]
[White "Algaba Traspuesto, Jose Maria"]
[Black "Jimenez Gonzalez, Marcos"]
[Result "0-1"]
[WhiteElo "1691"]
[BlackElo "1887"]
[PlyCount "66"]
[EventDate "2014.09.28"]
[EventType "swiss"]
[EventRounds "9"]
[EventCountry "ESP"]
[SourceTitle "EXT 2016"]
[Source "ChessBase"]
[SourceDate "2015.10.08"]
[SourceVersion "1"]
[SourceVersionDate "2015.10.08"]
[SourceQuality "1"]

1. d4 d5 2. Nf3 c6 3. e3 Nf6 4. Bd3 Bg4 5. Nbd2 Nbd7 6. h3 Bh5 7. c4 e6 8. c5 Be7 9. b4 0-0 10. 0-0 e5 11. Be2 e4 12. Bb2 exf3 13. Nxf3 Ne4 14. b5 Bf6 15. a4 Nexc5 16. Qc2 Ne6 17. bxc6 bxc6 18. Rfc1 c5 19. dxc5 Bxb2 20. Qxb2 Nexc5 21. Rc3 Rb8 22. Qa3 Ne4 23. Rd3 Bxf3 24. Bxf3 Qa5 25. Rad1 Ndf6 26. g4 Qb4 27. Qa2 Ng5 28. Bg2 Qb2 29. Bxd5 Qxa2 30. Bxa2 Rb2 31. Bb1 Nxh3+ 32. Kg2 Nxf2 33. R3d2 Nxd1 0-1

[Event "Madrid San Viator op 23rd"]
[Site "Madrid"]
[Date "2014.10.26"]
[Round "5"]
[White "Luna Hermoso, Angel"]
[Black "Algaba Traspuesto, Jose Maria"]
[Result "1-0"]
[WhiteElo "1955"]
[BlackElo "1691"]
[PlyCount "63"]
[EventDate "2014.09.28"]
[EventType "swiss"]
[EventRounds "9"]
[EventCountry "ESP"]
[SourceTitle "EXT 2016"]
[Source "ChessBase"]
[SourceDate "2015.10.08"]
[SourceVersion "1"]
[SourceVersionDate "2015.10.08"]
[SourceQuality "1"]

1. d4 Nf6 2. c4 e6 3. Nf3 Bb4+ 4. Bd2 Qe7 5. Qc2 b6 6. e4 Bxd2+ 7. Nbxd2 d6 8. Bd3 Bb7 9. 0-0 Nbd7 10. b4 c5 11. bxc5 dxc5 12. e5 Ng4 13. Be4 Nf8 14. Bxb7 Qxb7 15. Ne4 Qc6 16. d5 exd5 17. cxd5 Qxd5 18. Rfd1 Qc6 19. Rd6 Qc7 20. Qa4+ Ke7 21. Nc3 Nxe5 22. Nd5+ Kxd6 23. Nxc7 Nxf3+ 24. gxf3 Kxc7 25. Qf4+ Kc8 26. Qxf7 Ng6 27. Rd1 Rf8 28. Qe6+ Kb7 29. Rd7+ Ka6 30. Qc4+ Ka5 31. Rxa7+ Rxa7 32. a4 1-0

[Event "Madrid San Viator op 23rd"]
[Site "Madrid"]
[Date "2014.10.12"]
[Round "3"]
[White "Algaba Traspuesto, Jose Maria"]
[Black "Martos de la Vega, Alvaro"]
[Result "1-0"]
[WhiteElo "1691"]
[BlackElo "1951"]
[PlyCount "77"]
[EventDate "2014.09.28"]
[EventType "swiss"]
[EventRounds "9"]
[EventCountry "ESP"]
[SourceTitle "EXT 2016"]
[Source "ChessBase"]
[SourceDate "2015.10.08"]
[SourceVersion "1"]
[SourceVersionDate "2015.10.08"]
[SourceQuality "1"]

1. d4 Nf6 2. e3 g6 3. b4 Bg7 4. Bb2 d6 5. Nf3 c6 6. c4 Nbd7 7. Be2 0-0 8. 0-0 Qc7 9. h3 e5 10. Nc3 a6 11. a4 e4 12. Nd2 d5 13. Qb3 Qd6 14. b5 Re8 15. cxd5 cxd5 16. Ba3 Qe6 17. Rfc1 Rd8 18. Rab1 a5 19. b6 Nf8 20. Nb5 Ne8 21. Nc7 Nxc7 22. bxc7 Re8 23. Bb5 Nd7 24. Qc3 Bf8 25. Bxf8 Rxf8 26. Nb3 Qb6 27. Rc2 h5 28. Rcb2 Qa7 29. Bxd7 Bxd7 30. Nc5 Bc6 31. Nxb7 Bxa4 32. Nd6 Bd7 33. Rb7 Qa6 34. R1b6 Qe2 35. Rb8 Kg7 36. Rxa8 Rxa8 37. Rb8 Ra6 38. c8Q Bxc8 39. Qxc8 1-0